It looks like you're offline.
Open Library logo
additional options menu

MARC record from Internet Archive

LEADER: 01812cam 2200421 4500
001 ocm00206240
003 OCoLC
005 20100303174708.0
008 711108s1971 nyua 000 0 eng
010 $a 78135280
040 $aDLC$cDLC$dBTCTA
035 $a(OCoLC)206240
041 0 $aengmul
042 $alcac
050 00 $aN352$b.P415 1971
082 00 $a808.8/99282
100 1 $aPellowski, Anne,$ecomp.
245 10 $aHave you seen a comet?$bChildren's art and writing from around the world$c[compiled by] Anne Pellowski, Helen R. Sattley [and] Joyce C. Arkhurst.
260 $aNew York,$bJohn Day Co.$c[1971]
300 $a120 p.$bcol. illus.$c24 x 27 cm.
520 $aColor illustrations, poems, stories, essays, anecdotes, and letters by children aged six to sixteen from seventy-five countries of the world. Includes both the original and its translation for those works not originally written in English.
650 0 $aChildren's art.
650 0 $aChildren's writings.
650 1 $aLiterature$vCollections.
650 1 $aChildren's writings.
650 1 $aArt.
700 1 $aSattley, Helen R.,$ejoint comp.
700 1 $aArkhurst, Joyce Cooper,$ejoint comp.
938 $aBaker and Taylor$bBTCP$n78135280
952 $a206240$zDLC$bLIBRARY OF CONGRESS$hFull$iLCC$kDDC$nSummary$plcac$u20080316
952 $a132413632$zJTC$bSHASTA PUBLIC LIBR$hFull$iLCC$kDDC$nSummary$u20070519
952 $a223977408$zHMG$bHARVARD UNIV, EDUCATION SCH, GUTMAN LIBR$hFull batch$iLCC$kDDC$nSummary$u20080606
952 $a254326906$zVVT$bCOLUMBIA UNIV, TEACHER'S COL$hFull$nSummary$u20080920
952 $a317603935$zRBN$bBROWN UNIV$hFull$iLCC$nSummary$u20090402
029 1 $aNZ1$b4272896
029 1 $aAU@$b000000085193
994 $aZ0$bPMR
948 $hNO HOLDINGS IN PMR - 463 OTHER HOLDINGS